Normal view
MARC view
Entry Personal Name
001 - CONTROL NUMBER
- control field: 1531
003 - CONTROL NUMBER IDENTIFIER
- control field: BD-RjUL
005 - DATE AND TIME OF LATEST TRANSACTION
- control field: 20220222143015.0
008 - FIXED-LENGTH DATA ELEMENTS
- fixed length control field: 220222|| aca||aabn | a|a d
040 ## - CATALOGING SOURCE
- Original cataloging agency: BD-RjUL
- Transcribing agency: BD-RjUL
100 ## - HEADING--PERSONAL NAME
- Personal name: Rāzī, Fakhr al-Dīn Muḥammad ibn ʻUmar,
- Dates associated with a name: 1149 or 1150-1210
670 ## - SOURCE DATA FOUND
- Source citation: Work cat.: (BD-RjUL)79442: Rāzī, Fakhr al-Dīn Muḥammad ibn ʻUmar, 1149 or 1150-1210, A study of Fakhr al-Din al-Razi, and his controversies in Transoxiana /, 1966